Geography Quiz

Random Geography or City Quiz

Geographical Trivia by Ordinal Number Quiz Stats

 Plays Quiz not verified by Sporcle

Score 0/30 Timer 10:00
2 Plays Today
Trivia Place % Correct
Largest continent in the worldAntarctica
70.5%
Largest ocean in the worldSouthern Ocean
68.1%
Largest state in 'Thirteen Colonies'Pennsylvania
64.9%
Country to celebrate New YearKiribati
64.1%
Densely populated countrySingapore
56.2%
Largest US stateNevada
40.9%
Largest countryKazakhstan
34.2%
Largest Canadian provinces and territoriesManitoba
31.4%
US state to join the UnionNew York
25%
Country to join ASEANBrunei
20.6%
Country starting with 'S' in alphabetical orderSeychelles
16.6%
Most populated US stateWashington
15.3%
Largest city in European UnionWarsaw, Poland
14%
Largest country in AfricaZambia
7.6%
Country with most number of touristsThailand
6.2%
Trivia Place % Correct
Country to have a female prime ministerNew Zealand
4.5%
Largest country in EuropeLatvia
4.3%
Country in alphabetical orderCabo Verde
2.6%
Most populated US cityBaltimore, MD
2.3%
Most populated US capitalDes Moines, IA
2.2%
Densely populated US stateAlabama
2.2%
Sparsely populated US stateVermont
2.1%
Smallest country in the worldLuxembourg
1.8%
Most populated world capital by metro areasSantiago, Chile
1.5%
Country with highest risk of natural disaster risk (WorldRiskIndex, 2016)Fiji
1.4%
Most populated city properLondon, United Kingdom
1.4%
Country with most number of Summer Olympic medalsCuba
1.3%
Most populated country ending with '-IA'Liberia
1.2%
Country to allow same-sex marriageMalta
0.9%
Country to recognize Kosovo as an independent countryFinland
0.9%

You're not logged in!

Compare scores with friends on all Sporcle quizzes.
OR
Log In

Sporcle TV

Today on Sporcle TV


Watch our educational content, quiz creation guides, and fun videos on Sporcle TV.

Show Comments

Extras

Top Quizzes Today


Score Distribution

Your Account Isn't Verified!

In order to create a playlist on Sporcle, you need to verify the email address you used during registration. Go to your Sporcle Settings to finish the process.

Report this User

Report this user for behavior that violates our Community Guidelines.

Details: